| 000 | 01223aam a2200349 i 4500 | ||
|---|---|---|---|
| 999 |
_c46748 _d46748 |
||
| 001 | 768717001 | ||
| 003 | CO-MdFUSB | ||
| 005 | 20200626120314.0 | ||
| 007 | ta | ||
| 008 | 170601t2011 -us o||f |||| 00| 0 eng d | ||
| 020 | _a9780801048173 | ||
| 040 |
_aCO-MdFUSB _bspa _cCO-MdFUSB _dCO-MdFUSB _erda |
||
| 041 | _aeng | ||
| 082 |
_224 _aG 232 _bY68j |
||
| 100 | 1 |
_aYoung, Brad H. _eautor |
|
| 245 | 0 | 0 |
_aJesus the jewish theologian _c/ Brad H. Young |
| 264 | 1 |
_aEstados Unidos : _bBaker Academic, _c[2011] |
|
| 264 | 4 | _c© 2011 | |
| 300 |
_axxxvi, 308 páginas _bilustraciones _c; 22 cm |
||
| 336 |
_2rdacontent _atexto _btxt |
||
| 337 |
_2rdamedia _asin mediación _bn |
||
| 338 |
_2rdacarrier _avolumen _bnc |
||
| 500 | _aIncluye índices (p. 297-308) | ||
| 504 | _aBibliografía (p. 283- 295) | ||
| 505 | 0 | _aEl drama mesiánico de los acontecimientos de la vida de Jesús - Las raíces judías de la teología del reino de Jesús - La teología judía en las parábolas de Jesús - El Mesías judío y la política de Roma - El futuro Mesías | |
| 563 | _aRústico | ||
| 600 | 0 | 7 |
_aJesucristo _xDivinidad |
| 650 | 7 |
_9239 _aCristología |
|
| 942 | _cBK | ||
| 945 |
_aJTF-925 _bAEM-53 |
||